The open society and its enemies / (Record no. 36808)
[ view plain ]
| 000 -LEADER | |
|---|---|
| fixed length control field | 00795nam a2200253 a 4500 |
| 001 - CONTROL NUMBER | |
| control field | 36808 |
| 003 - CONTROL NUMBER IDENTIFIER | |
| rucl marc code | BD-RjUL |
| 005 - DATE AND TIME OF LATEST TRANSACTION | |
| control field | 20211209052539.0 |
| 008 - FIXED-LENGTH DATA ELEMENTS--GENERAL INFORMATION | |
| fixed length control field | 140913s1952 enk 00100 eng d |
| 035 ## - SYSTEM CONTROL NUMBER | |
| System control number | (BD-RjUL) |
| System control number | (BD-RjUL) |
| 040 ## - CATALOGING SOURCE | |
| Original cataloging agency | BD-RjUL |
| Language of cataloging | eng |
| Transcribing agency | BD-RjUL |
| Modifying agency | BD-RjUL |
| 041 ## - LANGUAGE CODE | |
| Language code of text/sound track or separate title | eng |
| 082 ## - DEWEY DECIMAL CLASSIFICATION NUMBER | |
| Classification number | 300 |
| Author mark and year | POO V-1 1952 |
| 100 ## - MAIN ENTRY--PERSONAL NAME | |
| Personal name | Popper, K.R. |
| 9 (RLIN) | 112273 |
| 245 14 - TITLE STATEMENT | |
| Title | The open society and its enemies / |
| Statement of responsibility, etc. | by K.R. Popper. |
| Number of part/section of a work | Volume I : |
| Name of part/section of a work | The spell of Plato |
| 250 ## - EDITION STATEMENT | |
| Edition statement | 2nd ed.(revised) |
| 260 ## - PUBLICATION, DISTRIBUTION, ETC. (IMPRINT) | |
| Place of publication, distribution, etc. | London : |
| Name of publisher, distributor, etc. | Routledge & Kegan Paul, |
| Date of publication, distribution, etc. | 1952 |
| 300 ## - PHYSICAL DESCRIPTION | |
| Pagination | ix, 318 p. ; |
| Size | 22 cm. |
| 500 ## - GENERAL NOTE | |
| General note | v.1. The spell of Plato -- v.2. The high tide of prophecy : Hegel, Marx and the aftermath. |
| 504 ## - BIBLIOGRAPHY, ETC. NOTE | |
| Bibliography, etc | Includes index. |
| 650 #0 - SUBJECT ADDED ENTRY--TOPICAL TERM | |
| Topical term or geographic name as entry element | Social sciences. |
| 9 (RLIN) | 100834 |
| 942 ## - ADDED ENTRY ELEMENTS (KOHA) | |
| Source of classification or shelving scheme | Dewey Decimal Classification |
| Koha item type | Books |
| Lost status | Source of classification or shelving scheme | Damaged status | Not for loan | Collection code | Permanent Location | Current Location | Shelving location | Date acquired | Source of acquisition | Cost, normal purchase price | Total Checkouts | Full call number | Date last seen | Copy number | Koha item type |
|---|---|---|---|---|---|---|---|---|---|---|---|---|---|---|---|
| Dewey Decimal Classification | Not For Loan | Non-fiction | Central Library, University of Rajshahi | Central Library, University of Rajshahi | Reading Room | 10/11/1967 | Swets & Zeitlinger | 25.00 | 300 POO V-1 1952 | 13/09/2014 | C-1 | Books |